| 000 | 00388nam a2200157 a 4500 | ||
|---|---|---|---|
| 001 | 1776331134361 | ||
| 003 | YourLibrary | ||
| 005 | 20260416145132.0 | ||
| 008 | 260416s2000##################000#0#eng## | ||
| 020 | _a9780406913159 | ||
| 082 | 0 | 4 |
_a348.42 _bALL.2 |
| 245 | 1 | 0 | _aAll England Law Reports,2000 : |
| 260 | _c2000. | ||
| 942 | _cENGLISH | ||
| 040 |
_aYourLibrary _beng _cYourLibrary |
||
| 999 |
_c619448 _d619448 |
||